| 000 | 00586nam a2200169Ia 4500 | ||
|---|---|---|---|
| 008 | 190719s9999||||xx |||||||||||||| ||und|| | ||
| 020 |
_a9789280116281 _c£ 20.00 |
||
| 040 | _aIMU Kochi | ||
| 082 | 0 | 4 |
_a623.890911 _bIn858 |
| 110 | _aInternational Maritime Organization | ||
| 245 | 0 |
_aPOLAR Code : International code for ships operating in Polar waters / _cInternational Maritime Organization |
|
| 250 | _a2016 ed. | ||
| 260 |
_aLondon : _bInternational Maritime Organization , _c2016 |
||
| 300 |
_av, 76 p. _c; 21 cm. |
||
| 650 |
_aIce navigation _xLaw and legislation |
||
| 942 |
_2ddc _cBK |
||
| 999 |
_c80 _d80 |
||